[Event "Baghdad op 4th"]
[Site "Baghdad"]
[Date "2016.03.21"]
[Round "2"]
[White "Mohammed, Zozek Salah Mohamme"]
[Black "Bahzad, Zeealdeen Mawlud"]
[Result "0-1"]
[WhiteElo "2256"]
[BlackElo "2065"]
[PlyCount "74"]
[EventDate "2016.03.20"]
[EventType "swiss"]
[EventRounds "9"]
[EventCountry "IRQ"]
[SourceTitle "EXT 2017"]
[Source "ChessBase"]
[SourceDate "2016.10.25"]
[SourceVersion "1"]
[SourceVersionDate "2016.10.25"]
[SourceQuality "1"]

1. d4 e6 2. c4 Bb4+ 3. Nc3 c5 4. e3 Nc6 5. Nge2 cxd4 6. exd4 d5 7. a3 Be7 8. cxd5 exd5 9. Nf4 Nf6 10. Be2 0-0 11. 0-0 Bf5 12. Re1 Be4 13. Nxe4 dxe4 14. d5 Ne5 15. Qd4 Bd6 16. Be3 Re8 17. h3 Ned7 18. Rac1 h6 19. Red1 Qe7 20. a4 a6 21. b4 Rec8 22. Rxc8+ Rxc8 23. Qa7 Rc2 24. Bf1 Qe5 25. g3 h5 26. Qxb7 h4 27. Rc1 Rxc1 28. Bxc1 hxg3 29. fxg3 Qd4+ 30. Kg2 e3 31. Qc8+ Kh7 32. Qc2+ g6 33. Qc4 Qe5 34. Bd3 Nb6 35. Qc2 Nbxd5 36. Ne2 Nxb4 37. Qc4 Nbd5 0-1

[Event "Krakow Malopolski-chA"]
[Site "Krakow"]
[Date "2014.05.04"]
[Round "9"]
[White "Betkowski, Andrzej"]
[Black "Bahzad, Zeealdeen Mawlud"]
[Result "1-0"]
[WhiteElo "2053"]
[BlackElo "2087"]
[PlyCount "71"]
[EventDate "2014.04.27"]
[EventType "swiss"]
[EventRounds "9"]
[EventCountry "POL"]
[SourceTitle "CBM 160 Extra"]
[Source "ChessBase"]
[SourceDate "2014.07.01"]
[SourceVersion "1"]
[SourceVersionDate "2014.07.01"]
[SourceQuality "1"]

1. d4 Nf6 2. Bg5 Ne4 3. Bf4 d5 4. f3 Nf6 5. e4 e6 6. e5 Nfd7 7. Be3 c5 8. c3 Nc6 9. f4 Be7 10. Nf3 Qb6 11. Qd2 f6 12. Bd3 0-0 13. 0-0 f5 14. Kh1 Ndb8 15. Rg1 Bd7 16. g4 g6 17. gxf5 exf5 18. Ng5 Bxg5 19. Rxg5 cxd4 20. cxd4 Nd8 21. Qg2 Qe6 22. Nc3 Bc6 23. Rg1 Nd7 24. Qh3 Nxe5 25. fxe5 f4 26. Rxg6+ hxg6 27. Rxg6+ Kf7 28. Qh7+ Ke8 29. Rxe6+ Nxe6 30. Bf2 Kd8 31. Bh4+ Kc8 32. Bf5 Re8 33. Be7 Bd7 34. Nxd5 b5 35. Bxe6 Bxe6 36. Qc2+ 1-0

[Event "Krakow Malopolski-chA"]
[Site "Krakow"]
[Date "2014.05.03"]
[Round "7"]
[White "Lis, Mateusz"]
[Black "Bahzad, Zeealdeen Mawlud"]
[Result "1/2-1/2"]
[WhiteElo "1846"]
[BlackElo "2087"]
[PlyCount "83"]
[EventDate "2014.04.27"]
[EventType "swiss"]
[EventRounds "9"]
[EventCountry "POL"]
[SourceTitle "CBM 160 Extra"]
[Source "ChessBase"]
[SourceDate "2014.07.01"]
[SourceVersion "1"]
[SourceVersionDate "2014.07.01"]
[SourceQuality "1"]

1. e4 c5 2. Nf3 e6 3. d4 cxd4 4. Nxd4 Nc6 5. Nc3 Qc7 6. Be3 a6 7. f3 b5 8. Nxc6 Qxc6 9. Qd2 Bb7 10. 0-0-0 Rc8 11. Ne2 Nf6 12. Nd4 Qc7 13. g4 h6 14. h4 d5 15. e5 Nd7 16. f4 Nc5 17. Qg2 Na4 18. Rd3 Qa5 19. Bd2 Qc7 20. g5 hxg5 21. hxg5 Rxh1 22. Qxh1 Bc5 23. c3 b4 24. Nxe6 fxe6 25. Qh8+ Bf8 26. Bh3 bxc3 27. bxc3 Qf7 28. f5 exf5 29. e6 Qxe6 30. Re3 Rxc3+ 31. Rxc3 Nxc3 32. Bxc3 Qe3+ 33. Bd2 Qa3+ 34. Kd1 Qf3+ 35. Kc1 Kf7 36. g6+ Ke8 37. Qg8 Qa3+ 38. Kd1 Qe7 39. Bxf5 d4 40. Qb3 Qc7 41. Qe6+ Qe7 42. Qb3 1/2-1/2

[Event "Arab Cities-chT"]
[Site "Monastir"]
[Date "2013.10.31"]
[Round "5.2"]
[White "Bahzad, Zeealdeen Mawlud"]
[Black "Hergli, Amir"]
[Result "1/2-1/2"]
[WhiteElo "2077"]
[BlackElo "2142"]
[PlyCount "34"]
[EventDate "2013.10.27"]
[EventType "team-swiss"]
[EventRounds "7"]
[EventCountry "TUN"]
[SourceTitle "EXT 2014"]
[Source "ChessBase"]
[SourceDate "2013.11.20"]
[SourceVersion "1"]
[SourceVersionDate "2013.11.20"]
[SourceQuality "1"]
[WhiteTeam "Arbiil"]
[BlackTeam "Menzel Temime"]
[WhiteTeamCountry "ALG"]
[BlackTeamCountry "TUN"]

1. d4 Nf6 2. c4 g6 3. Nf3 Bg7 4. Nc3 0-0 5. g3 d6 6. Bg2 Nbd7 7. 0-0 e5 8. h3 Re8 9. Be3 Qe7 10. Rc1 c6 11. b4 exd4 12. Bxd4 Ne5 13. Nxe5 dxe5 14. Bc5 Qe6 15. Qb3 b6 16. Be3 Bb7 17. Rfd1 e4 1/2-1/2

[Event "IRQ-ch"]
[Site "Sulaymaniyah"]
[Date "2012.03.18"]
[Round "2"]
[White "Salih, Akar Ali Salih"]
[Black "Bahzad, Zeealdeen Mawlud"]
[Result "1-0"]
[WhiteElo "2250"]
[BlackElo "2118"]
[PlyCount "120"]
[EventDate "2012.03.17"]
[EventType "tourn"]
[EventRounds "9"]
[EventCountry "IRQ"]
[SourceTitle "EXT 2013"]
[Source "ChessBase"]
[SourceDate "2012.11.22"]
[SourceVersion "1"]
[SourceVersionDate "2012.11.22"]
[SourceQuality "1"]

1. b3 Nf6 2. Bb2 e6 3. e3 d5 4. Nf3 Be7 5. Be2 0-0 6. 0-0 b6 7. d4 Nbd7 8. Nbd2 c5 9. c4 cxd4 10. Nxd4 Bb7 11. cxd5 Nxd5 12. Rc1 Nc5 13. a3 a5 14. Nc4 Bf6 15. Qc2 Rc8 16. Qb1 e5 17. Nb5 Qe7 18. Ncd6 Rcd8 19. Nxb7 Qxb7 20. Ba1 e4 21. Bxf6 Nxf6 22. Rfd1 Qe7 23. Nd4 Ne6 24. Nb5 Rxd1+ 25. Rxd1 Rd8 26. h3 h6 27. Qc2 Rxd1+ 28. Qxd1 Nc5 29. Bc4 Nfd7 30. Qd6 Qxd6 31. Nxd6 Kf8 32. b4 axb4 33. axb4 Nd3 34. b5 N7e5 35. Ba2 Nc5 36. Bd5 Ke7 37. Nc8+ Kd7 38. Nxb6+ Kd6 39. Ba2 f6 40. Nc4+ Nxc4 41. Bxc4 Na4 42. Kh2 Nb2 43. Bf1 Na4 44. Kg3 Ke5 45. Bc4 Nb6 46. Bb3 f5 47. Kh4 g6 48. g4 f4 49. exf4+ Kxf4 50. Bf7 g5+ 51. Kh5 Kf3 52. Bg6 Kxf2 53. Bxe4 Kg3 54. Kxh6 Kh4 55. Kg6 Nc4 56. Bf5 Ne5+ 57. Kf6 Nc4 58. Be6 Nb6 59. Ke5 Kxh3 60. Kd6 Kg3 1-0

[Event "Baghdad op 1st"]
[Site "Baghdad"]
[Date "2011.11.10"]
[Round "4"]
[White "Nameer, Noor Al Deen"]
[Black "Bahzad, Zeealdeen Mawlud"]
[Result "1-0"]
[WhiteElo "2219"]
[BlackElo "2105"]
[PlyCount "100"]
[EventDate "2011.11.08"]
[EventType "swiss"]
[EventRounds "9"]
[EventCountry "IRQ"]
[SourceTitle "CBM 145 Extra"]
[Source "ChessBase"]
[SourceDate "2012.01.03"]
[SourceVersion "1"]
[SourceVersionDate "2012.01.03"]
[SourceQuality "1"]

1. Nf3 Nf6 2. c4 e6 3. Nc3 d5 4. d4 Be7 5. e3 0-0 6. Bd3 a6 7. 0-0 dxc4 8. Bxc4 b5 9. Bd3 c5 10. b3 Bb7 11. Bb2 Nbd7 12. Rc1 Qb6 13. Qe2 Rfd8 14. Rfd1 Rac8 15. Bb1 h6 16. h3 Ba8 17. e4 cxd4 18. Nxd4 Ne5 19. Nf3 Nxf3+ 20. Qxf3 Qb8 21. Qe2 Qb7 22. a3 Rxd1+ 23. Rxd1 b4 24. axb4 Bxb4 25. Na4 Nxe4 26. Bxe4 Qxe4 27. Qxe4 Bxe4 28. Rd4 Bxg2 29. Kxg2 a5 30. Rc4 Rd8 31. Bc3 Bxc3 32. Rxc3 Rb8 33. Nb2 Rb4 34. Kf3 g5 35. Nd3 Rb5 36. Nc5 Kg7 37. Ke3 Kf6 38. Ne4+ Ke5 39. Rc5+ Rxc5 40. Nxc5 Kd5 41. Nb7 Kc6 42. Nxa5+ Kb5 43. Nb7 f6 44. Nd8 e5 45. Nf7 h5 46. Ke4 Kb4 47. Nxe5 fxe5 48. Kxe5 Kxb3 49. Kf5 g4 50. hxg4 h4 1-0